League of Legends Champions, Lore, Skin and Abilities - Statistics

General Stats
  • This quiz has been taken 2,613 times
  • The average score is 12 of 24
Answer Stats
Description Answer % Correct
Where is Irelia from? Ionia
82%
The Tidecaller Nami
78%
The Serpent's Embrace Cassiopeia
73%
Where do the yordles live? Bandle City
67%
Udyr's Ultimate Skin (3250 RP) Spirit Guard Udyr
63%
Who does Miss Fortune constantly bicker with? Gangplank
62%
The Winter's Wrath Sejuani
62%
The Eye of Twilight Shen
59%
Dr. Mundo's Ultimate Skin (1820 RP) Corporate Mundo
54%
Nasus' Legendary Skin (1820 RP) Infernal Nasus
53%
Nunu's Ultimate? Absolute Zero
52%
Who are the two main factions that unceasingly dispute with one another? Demacia and Noxus
48%
Ezreal's Ultimate? Trueshot Barrage
48%
Nocturne's Legendary Skin (1820 RP) Eternum Nocturne
45%
Darius' Ultimate? Noxian Guillotine
45%
The Dark Sovereign Syndra
42%
Katarina's Ultimate? Death Lotus
41%
Kayle's Legendary Skin (1820 RP) Aether Wing Kayle
40%
The Harbinger of Doom Fiddlesticks
39%
Fizz's Ultimate? Chum the Waters
38%
Jax's Ultimate? Grandmaster's Might
24%
Mordekaiser's Ultimate? Children of the Grave
15%
Kayle's Ultimate? Intervention
13%
Galio's Ultimate? Idol of Durand
10%
No matching quizzes found
Score Distribution
Percent of People with Each Score
Percentile by Number Answered
Your Score History
You have not taken this quiz